In the Shadow of the Mahatma (Record no. 12270)

MARC details
000 -LEADER
fixed length control field 00269nam a22000977a 4500
008 - FIXED-LENGTH DATA ELEMENTS--GENERAL INFORMATION
fixed length control field 230424b |||||||| |||| 00| 0 eng d
020 ## - INTERNATIONAL STANDARD BOOK NUMBER
International Standard Book Number 9781138862364
100 ## - MAIN ENTRY--PERSONAL NAME
Personal name Harper Billington Susan
9 (RLIN) 7669
245 ## - TITLE STATEMENT
Title In the Shadow of the Mahatma
260 ## - PUBLICATION, DISTRIBUTION, ETC. (IMPRINT)
Place of publication, distribution, etc. London
Name of publisher, distributor, etc. Routledge
Date of publication, distribution, etc. 2019
Holdings
Withdrawn status Lost status Source of classification or shelving scheme Damaged status Koha normalized classification for sorting Not for loan Home library Current library Shelving location Date acquired Total Checkouts Full call number Barcode Date last seen Price effective from Koha item type
    Dewey Decimal Classification   HAR_283_000000000000000   Good Samaritan School Library Good Samaritan School Library RELIGION 04/24/2023   HAR283 HAR17480 04/24/2023 04/24/2023 BOOK

Powered by Koha